The mighty Miss Malone / (Record no. 2035)

MARC details
000 -LEADER
fixed length control field 01160cam a2200325 a 4500
005 - DATE AND TIME OF LATEST TRANSACTION
control field 20231101130040.0
020 ## - INTERNATIONAL STANDARD BOOK NUMBER
International Standard Book Number 9780385734912 (trade)
020 ## - INTERNATIONAL STANDARD BOOK NUMBER
International Standard Book Number 9780385904872 (lib. bdg.)
020 ## - INTERNATIONAL STANDARD BOOK NUMBER
International Standard Book Number 9780375897368 (ebook)
020 ## - INTERNATIONAL STANDARD BOOK NUMBER
International Standard Book Number 9780440422143 (pbk.)
040 ## - CATALOGING SOURCE
Original cataloging agency DLC
Transcribing agency DLC
Modifying agency DLC
Language of cataloging eng
050 00 - LIBRARY OF CONGRESS CALL NUMBER
Classification number PZ7.C94137
Item number Mi 2012
082 00 - DEWEY DECIMAL CLASSIFICATION NUMBER
Classification number [Fic]
Edition number 23
100 1# - MAIN ENTRY--PERSONAL NAME
Personal name Curtis, Christopher Paul.
245 14 - TITLE STATEMENT
Title The mighty Miss Malone /
Statement of responsibility, etc. Christopher Paul Curtis.
250 ## - EDITION STATEMENT
Edition statement First Yearling Edition 2013
260 ## - PUBLICATION, DISTRIBUTION, ETC.
Place of publication, distribution, etc. New York :
Name of publisher, distributor, etc. Random House
Date of publication, distribution, etc. 2012
300 ## - PHYSICAL DESCRIPTION
Extent 307 pages ;
Dimensions 20 cm
505 ## - FORMATTED CONTENTS NOTE
Formatted contents note M
520 ## - SUMMARY, ETC.
Summary, etc. With love and determination befitting the "world's greatest family," twelve-year-old Deza Malone, her older brother Jimmie, and their parents endure tough times in Gary, Indiana, and later Flint, Michigan, during the Great Depression.
521 ## - TARGET AUDIENCE NOTE
Target audience note 750<br/>
Source Lexile
521 ## - TARGET AUDIENCE NOTE
Target audience note M <br/>
Source Raz-Plus
650 #1 - SUBJECT ADDED ENTRY--TOPICAL TERM
Topical term or geographic name entry element Family life
Form subdivision Fiction.
650 #1 - SUBJECT ADDED ENTRY--TOPICAL TERM
Topical term or geographic name entry element Depressions
Chronological subdivision 1929
Form subdivision Fiction.
650 #1 - SUBJECT ADDED ENTRY--TOPICAL TERM
Topical term or geographic name entry element Poverty
Form subdivision Fiction.
650 #1 - SUBJECT ADDED ENTRY--TOPICAL TERM
Topical term or geographic name entry element African Americans
Form subdivision Fiction.
906 ## - LOCAL DATA ELEMENT F, LDF (RLIN)
a 7
b cbc
c orignew
d 1
e ecip
f 20
g y-gencatlg
942 ## - ADDED ENTRY ELEMENTS (KOHA)
Source of classification or shelving scheme Dewey Decimal Classification
Koha item type Books
Suppress in OPAC No
999 ## -
-- 2035
-- 2035
Holdings
Withdrawn status Lost status Source of classification or shelving scheme Damaged status Not for loan Collection Home library Current library Shelving location Date acquired Total Checkouts Full call number Barcode Date last seen Date last checked out Price effective from Koha item type
    Dewey Decimal Classification     Juvenile Fiction Footprints International School Library Network Toul Kork Campus Footprints International School Library Network Toul Kork Campus TK Primary Library Room(4th Floor), Bookcase 5&6, Shelves 33-56, Orange Books 11/01/2023 1 CUR 813.6 PZ7.C94137 FISTK00073 01/12/2024 11/22/2023 11/01/2023 Books